| 000 | 005000000a22001930004500 | ||
|---|---|---|---|
| 003 | LK-CoMWRAF | ||
| 005 | 20231207114609.0 | ||
| 008 | 230817t2002 ||||| |||| 00| 0 eng d | ||
| 020 | _a9830651290 | ||
| 040 |
_aLK-CoMWRAF _dLK-CoMWRAF _eLK-CoMWRAF |
||
| 041 | _aeng | ||
| 082 |
_a362.7 _bCHA |
||
| 100 | _aChand, Muhammad Umar | ||
| 245 | _aChild Abuse | ||
| 260 |
_aKuala Lumpur: _bA.S. Noordeen, _c2002 |
||
| 300 |
_axxii, 105 p. _bBibliography included |
||
| 650 | _aCHILD ABUSE | ||
| 942 | _cBK | ||
| 999 |
_c1031 _d1031 |
||